000 00639nam a2200193Ia 4500
003 LK-CoDNM
005 20241204104257.0
008 010623t1983 xxu||||| |||| 00| 1 sin d
040 _aLK-CoDNM
_dLK-CoDNM
_eLK-CoDNM
041 _asin
080 _a(x)294.3:726.9[17]
100 _aMedananda himi,Ellawala
245 _aශාස්ත්‍රවෙල මණිනාග පබ්බත බෝධිගිරි විහාරය
246 _aSastrawela Maninaga Pabbatha Bodigiri Viharaya
260 _bItihasa Puravidya Paryesa Ayatanaya
_aSaparagamuwa
_c1983
300 _b20p. ; 21 cm
650 _aBuddhism
942 _cBK
999 _c112298
_d112298